[Event "BCF-ch U160"]
[Site "Aberystwyth"]
[Date "2014.07.30"]
[Round "3"]
[White "Glover, Gordon L"]
[Black "Graham, Arthur B"]
[Result "1/2-1/2"]
[WhiteElo "122"]
[BlackElo "146"]
[PlyCount "47"]
[EventDate "2014.07.28"]
[EventType "swiss"]
[EventRounds "5"]
[EventCountry "WLS"]
[SourceTitle "EXT 2017"]
[Source "ChessBase"]
[SourceDate "2016.10.25"]
[SourceVersion "1"]
[SourceVersionDate "2016.10.25"]
[SourceQuality "1"]

1. d4 Nf6 2. Nf3 g6 3. Bg5 Bg7 4. e3 d5 5. Be2 0-0 6. h3 Nbd7 7. 0-0 Ne4 8. Bf4 Ndf6 9. Nbd2 c6 10. Nxe4 Nxe4 11. c4 Be6 12. Ng5 Nxg5 13. Bxg5 dxc4 14. Qc2 h6 15. Bf4 Rc8 16. Bxc4 Bxc4 17. Qxc4 Qb6 18. b4 Rfd8 19. Qc5 e6 20. Qxb6 axb6 21. a4 Rd5 22. Rab1 Ra8 23. a5 e5 24. Bxe5 1/2-1/2

[Event "BCF-ch U160"]
[Site "Aberystwyth"]
[Date "2014.07.29"]
[Round "2"]
[White "Graham, Arthur B"]
[Black "Camp, Syringa Lyn"]
[Result "1/2-1/2"]
[WhiteElo "146"]
[BlackElo "117"]
[PlyCount "25"]
[EventDate "2014.07.28"]
[EventType "swiss"]
[EventRounds "5"]
[EventCountry "WLS"]
[SourceTitle "EXT 2017"]
[Source "ChessBase"]
[SourceDate "2016.10.25"]
[SourceVersion "1"]
[SourceVersionDate "2016.10.25"]
[SourceQuality "1"]

1. d4 g6 2. Nf3 Bg7 3. c4 c5 4. e3 Nf6 5. Nc3 b6 6. Be2 Bb7 7. 0-0 a6 8. b3 0-0 9. Bb2 Qc7 10. h3 d6 11. Qc2 Nbd7 12. Rad1 Rfe8 13. Rfe1 1/2-1/2